Statistics for Memphis Grizzlies NBA Playoffs Leaders Per Year

Click here to take the quiz!

General Stats

  • This quiz has been taken 381 times
    (148 since last reset)
  • The average score is 10 of 23

Answer Stats

Player% Correct
Ja Morant
99%
Marc Gasol
96%
Pau Gasol
96%
Jaren Jackson Jr
92%
Mike Conley
85%
Desmond Bane
83%
Zach Randolph
80%
Tony Allen
57%
Jonas Valančiūnas
54%
Xavier Tillman
46%
Rudy Gay
44%
Brandon Clarke
40%
Jason Williams
33%
Kyle Anderson
29%
Shane Battier
25%
O.J. Mayo
19%
JaMychal Green
14%
Stromile Swift
11%
James Posey
6%
Chucky Atkins
2%
Jordan Farmar
2%
Lance Stephenson
2%
Xavier Munford
1%

Score Distribution

Percentile by Number Answered

Percent of People with Each Score

Your Score History

You have not taken this quiz since the last reset